| 000 | 00881nam a22002537a 4500 | ||
|---|---|---|---|
| 005 | 20170123162309.0 | ||
| 010 | _aB-209236 | ||
| 020 | _c120.00 | ||
| 035 | _aB-209236 | ||
| 037 | _bCen Lib/Ret | ||
| 040 |
_aDPL _bUR |
||
| 082 |
_a844 _bم و ج |
||
| 100 |
_aمجیب احمد خان _9111430 |
||
| 245 |
_aگلِ صد برگ : _cمجیب احمد خان _bقرتول این حیدر کے مضامین کا مجمع / |
||
| 246 |
_aGul-e-sad barg : Qurratul-Ain Hydar ke mazamen ka majmua / _bby Mujeeb Ahmad Khan |
||
| 260 |
_aدہلی _bکتابی دنیا _c2006 |
||
| 270 |
_aترکمان گیٹ _bدہلی _e110006 |
||
| 300 |
_a136p. _c21cm(Hb) |
||
| 650 |
_aاردو ادب _9111431 |
||
| 650 |
_aاردو مضامین _9111432 |
||
| 650 |
_aUrdu literature _9111433 |
||
| 650 |
_aUrdu artices _9111434 |
||
| 942 |
_2ddc _cUR _h844 _mم و ج |
||
| 999 |
_c106409 _d106409 |
||